Manual de acústica para arquitectos.
Uloženo v:
| Hlavní autor: | |
|---|---|
| Další autoři: | |
| Médium: | Kniha |
| Jazyk: | španělština |
| Vydáno: |
Buenos Aires, Argentina
Espacio Editora
1980
|
| Témata: | |
| Tagy: |
Přidat tag
Žádné tagy, Buďte první, kdo vytvoří štítek k tomuto záznamu!
|
MARC
| LEADER | 00000nam a2200000 a 4500 | ||
|---|---|---|---|
| 001 | UCY1447 | ||
| 003 | CL-VaPUC | ||
| 005 | 20210408001121.0 | ||
| 008 | 940902e19800000AG |||||||||||||||||spa|d | ||
| 999 | |c 230146 |d 230144 | ||
| 040 | |c Pontificia Universidad Católica de Valparaíso | ||
| 082 | 0 | 4 | |a 693.834 BAS 1980 |2 21 |
| 100 | 0 | |a Baschuk, Bernardo J |9 329427 | |
| 245 | 1 | 0 | |a Manual de acústica para arquitectos. |
| 260 | 0 | 3 | |a Buenos Aires, Argentina |b Espacio Editora |c 1980 |
| 300 | |a 127 páginas | ||
| 583 | |a last modification |c 20170406 02:50:57 |k Rodrigo Vera | ||
| 650 | 0 | |a Acústica |9 265389 | |
| 650 | 0 | |a Diseño arquitectónico |9 265271 | |
| 700 | 0 | |a Di Marco, Silvia |9 329428 | |
| 942 | |c BK |2 ddc | ||
| 945 | |d 19940902 00:00:00 |a mfernand | ||
| 952 | |0 0 |1 0 |2 ddc |4 0 |6 693_834000000000000_BAS_1980 |7 0 |8 A |9 232177 |a BIBARQ |b BIBARQ |d 2019-11-15 |i 3015068 |l 1 |o 693.834 BAS 1980 |p 3015068 |r 2025-01-20 |s 2024-09-03 |t 1 |w 2019-11-15 |y BK |k ARQ | ||